[Event "gorzyce wielkie"]
[Site "?"]
[Date "2020.02.08"]
[Round "11.1"]
[White "Maciejczak, Jakub"]
[Black "Mocny, Tomasz"]
[Result "1/2-1/2"]
[BlackElo "1768"]
[WhiteElo "2313"]
[LiveChessVersion "1.4.8"]

1. e4 {[%clk 0:03:02]} Nf6 {[%clk 0:03:03]} 2. Nc3 {[%clk 0:03:03]} d5
{[%clk 0:03:05]} 3. e5 {[%clk 0:03:03]} d4 {[%clk 0:03:06]} 4. exf6
{[%clk 0:03:01]} dxc3 {[%clk 0:03:07]} 5. fxg7 {[%clk 0:02:59]} cxd2+
{[%clk 0:03:08]} 6. Bxd2 {[%clk 0:03:00]} Bxg7 {[%clk 0:03:09]} 7. Qh5
{[%clk 0:02:59]} Qd4 {[%clk 0:02:36]} 8. c3 {[%clk 0:02:54]} Qe4+
{[%clk 0:02:30]} 9. Be3 {[%clk 0:02:45]} Nc6 {[%clk 0:02:21]} 10. Qf3
{[%clk 0:02:41]} Qc2 {[%clk 0:02:12]} 11. Bc1 {[%clk 0:01:11]} Bg4
{[%clk 0:01:31]} 12. Qd3 {[%clk 0:00:58]} Qxd3 {[%clk 0:01:29]} 13. Bxd3
{[%clk 0:00:59]} O-O-O {[%clk 0:01:30]} 14. Be2 {[%clk 0:00:59]} h5
{[%clk 0:01:09]} 15. h3 {[%clk 0:00:55]} Bf5 {[%clk 0:01:02]} 16. Nf3
{[%clk 0:00:55]} Bf6 {[%clk 0:00:35]} 17. Bg5 {[%clk 0:00:47]} Bxg5
{[%clk 0:00:33]} 18. Nxg5 {[%clk 0:00:48]} Rhg8 {[%clk 0:00:31]} 19. Nxf7
{[%clk 0:00:43]} Rdf8 {[%clk 0:00:23]} 20. Nh6 {[%clk 0:00:29]} Rxg2
{[%clk 0:00:24]} 21. Bf3 {[%clk 0:00:20]} Rg5 {[%clk 0:00:20]} 22. Bxc6
{[%clk 0:00:12]} bxc6 {[%clk 0:00:21]} 23. Nxf5 {[%clk 0:00:13]} Rfxf5
{[%clk 0:00:20]} 24. Ke2 {[%clk 0:00:09]} Re5+ {[%clk 0:00:20]} 25. Kd2
{[%clk 0:00:09]} Rg2 {[%clk 0:00:14]} 26. Raf1 {[%clk 0:00:09]} Kd7
{[%clk 0:00:08]} 27. Kd3 {[%clk 0:00:08]} c5 {[%clk 0:00:08]} 28. b3
{[%clk 0:00:09]} 1/2-1/2

[Event "gorzyce wielkie"]
[Site "?"]
[Date "2020.02.08"]
[Round "11.2"]
[White "Banach, Szymon"]
[Black "Malecki, Eugeniusz"]
[Result "1-0"]
[BlackElo "1729"]
[WhiteElo "1912"]
[LiveChessVersion "1.4.8"]

1. d4 {[%clk 0:03:04]} d5 {[%clk 0:03:01]} 2. Nf3 {[%clk 0:03:05]} e6
{[%clk 0:03:03]} 3. Bg5 {[%clk 0:03:00]} Nf6 {[%clk 0:03:01]} 4. e3
{[%clk 0:03:00]} Be7 {[%clk 0:03:02]} 5. Bd3 {[%clk 0:03:02]} h6 {[%clk 0:03:02]}
6. Bf4 {[%clk 0:03:03]} Nbd7 {[%clk 0:03:02]} 7. c3 {[%clk 0:03:04]} O-O
{[%clk 0:03:02]} 8. O-O {[%clk 0:03:05]} b6 {[%clk 0:03:03]} 9. Nbd2
{[%clk 0:03:05]} Bb7 {[%clk 0:03:04]} 10. Rc1 {[%clk 0:03:04]} c5
{[%clk 0:03:05]} 11. Bb1 {[%clk 0:03:04]} c4 {[%clk 0:03:06]} 12. Qc2
{[%clk 0:03:05]} b5 {[%clk 0:03:04]} 13. Ne5 {[%clk 0:03:03]} Re8
{[%clk 0:03:03]} 14. Ndf3 {[%clk 0:03:04]} Nf8 {[%clk 0:03:04]} 15. h3
{[%clk 0:02:40]} a5 {[%clk 0:03:03]} 16. a3 {[%clk 0:02:38]} Ne4 {[%clk 0:03:03]}
17. Nd2 {[%clk 0:02:31]} Qb6 {[%clk 0:02:59]} 18. f3 {[%clk 0:02:17]} Nf6
{[%clk 0:02:58]} 19. Bg3 {[%clk 0:01:40]} Nh5 {[%clk 0:02:52]} 20. Bh2
{[%clk 0:01:39]} Bd6 {[%clk 0:02:48]} 21. Rfe1 {[%clk 0:01:24]} Rac8
{[%clk 0:02:46]} 22. Nf1 {[%clk 0:01:25]} Nf6 {[%clk 0:02:28]} 23. Bg3
{[%clk 0:01:19]} Nh5 24. Bh2 Nf6 25. Bg3 Red8 {[%clk 0:02:28]} 26. Ng4
{[%clk 0:01:16]} Nxg4 {[%clk 0:02:10]} 27. hxg4 {[%clk 0:01:16]} Qc7
{[%clk 0:02:08]} 28. Kf2 {[%clk 0:01:15]} e5 {[%clk 0:02:02]} 29. dxe5
{[%clk 0:01:11]} Bxe5 {[%clk 0:02:02]} 30. Qf5 {[%clk 0:01:06]} Ng6
{[%clk 0:01:42]} 31. g5 {[%clk 0:00:57]} hxg5 {[%clk 0:01:31]} 32. Qxg5
{[%clk 0:00:53]} Bxg3+ {[%clk 0:00:54]} 33. Nxg3 {[%clk 0:00:53]} Qe5
{[%clk 0:00:51]} 34. Nf5 {[%clk 0:00:43]} Rd7 {[%clk 0:00:35]} 35. Rh1
{[%clk 0:00:36]} Rc6 {[%clk 0:00:31]} 36. f4 {[%clk 0:00:28]} Qf6
{[%clk 0:00:27]} 37. Qh5 {[%clk 0:00:25]} Kf8 {[%clk 0:00:25]} 38. Qh8+ 1-0

[Event "gorzyce wielkie"]
[Site "?"]
[Date "2020.02.08"]
[Round "11.3"]
[White "Chmielarz, Maciej"]
[Black "Pera, Adam"]
[Result "0-1"]
[BlackElo "1840"]
[WhiteElo "1883"]
[LiveChessVersion "1.4.8"]

1. d4 {[%clk 0:03:02]} Nf6 {[%clk 0:03:03]} 2. c4 {[%clk 0:03:04]} e6
{[%clk 0:03:05]} 3. Nc3 {[%clk 0:03:05]} d5 {[%clk 0:03:04]} 4. Bg5
{[%clk 0:03:06]} Nbd7 {[%clk 0:03:04]} 5. Nf3 {[%clk 0:03:06]} c6
{[%clk 0:03:06]} 6. e3 {[%clk 0:03:06]} Qa5 {[%clk 0:03:07]} 7. Nd2
{[%clk 0:03:03]} Bd6 {[%clk 0:02:59]} 8. Nb3 {[%clk 0:02:57]} Qc7
{[%clk 0:02:41]} 9. c5 {[%clk 0:02:53]} Be7 {[%clk 0:02:42]} 10. f4
{[%clk 0:02:54]} b6 {[%clk 0:02:30]} 11. cxb6 {[%clk 0:02:51]} axb6
{[%clk 0:02:27]} 12. Rc1 {[%clk 0:02:49]} Qd6 {[%clk 0:02:09]} 13. Bd3
{[%clk 0:02:40]} h6 {[%clk 0:01:07]} 14. Bh4 {[%clk 0:02:40]} O-O
{[%clk 0:01:05]} 15. O-O {[%clk 0:02:39]} Ne8 {[%clk 0:00:46]} 16. Bxe7
{[%clk 0:02:38]} Qxe7 {[%clk 0:00:46]} 17. e4 {[%clk 0:02:25]} f5
{[%clk 0:00:38]} 18. e5 {[%clk 0:02:01]} c5 {[%clk 0:00:39]} 19. Be2
{[%clk 0:01:47]} c4 {[%clk 0:00:36]} 20. Nd2 {[%clk 0:01:35]} Qb4
{[%clk 0:00:37]} 21. Qc2 {[%clk 0:01:02]} Bb7 {[%clk 0:00:29]} 22. a3
{[%clk 0:01:01]} Qe7 {[%clk 0:00:27]} 23. Na2 {[%clk 0:00:51]} b5
{[%clk 0:00:21]} 24. Nb4 {[%clk 0:00:51]} Nc7 {[%clk 0:00:18]} 25. Rf3
{[%clk 0:00:30]} Na6 {[%clk 0:00:19]} 26. Nxa6 {[%clk 0:00:21]} Bxa6
{[%clk 0:00:20]} 27. Rg3 {[%clk 0:00:14]} Rf7 {[%clk 0:00:16]} 28. Bh5
{[%clk 0:00:15]} Rff8 29. Nf3 b4 {[%clk 0:00:08]} 30. axb4 {[%clk 0:00:14]} Qxb4
{[%clk 0:00:09]} 31. Nh4 {[%clk 0:00:11]} Qb6 {[%clk 0:00:10]} 32. Qf2
{[%clk 0:00:09]} Rab8 {[%clk 0:00:10]} 33. Rc2 {[%clk 0:00:07]} Rf7
{[%clk 0:00:08]} 34. Bxf7+ Kxf7 {[%clk 0:00:09]} 35. Ra3 {[%clk 0:00:06]} g5
{[%clk 0:00:05]} 36. fxg5 {[%clk 0:00:07]} hxg5 {[%clk 0:00:06]} 37. Nxf5
{[%clk 0:00:07]} exf5 {[%clk 0:00:06]} 38. Qxf5+ {[%clk 0:00:08]} Ke7
{[%clk 0:00:07]} 39. Qh7+ {[%clk 0:00:07]} Kd8 {[%clk 0:00:07]} 40. Qg8+
{[%clk 0:00:06]} Kc7 {[%clk 0:00:09]} 41. Qxg5 {[%clk 0:00:07]} Bb5
{[%clk 0:00:07]} 42. Rf3 {[%clk 0:00:06]} Rf8 {[%clk 0:00:06]} 43. Rxf8
{[%clk 0:00:07]} Nxf8 {[%clk 0:00:07]} 44. Qe7+ {[%clk 0:00:08]} Nd7
{[%clk 0:00:06]} 45. e6 {[%clk 0:00:09]} Qxd4+ {[%clk 0:00:06]} 46. Kf1
{[%clk 0:00:08]} Qd3+ {[%clk 0:00:03]} 47. Ke1 {[%clk 0:00:04]} Qxc2
{[%clk 0:00:04]} 48. exd7 {[%clk 0:00:05]} Bxd7 {[%clk 0:00:05]} 49. Qc5+
{[%clk 0:00:07]} Bc6 {[%clk 0:00:06]} 50. Qe7+ {[%clk 0:00:08]} Kb6
{[%clk 0:00:07]} 51. Qb4+ Kc7 {[%clk 0:00:09]} 52. Qe7+ {[%clk 0:00:10]} Kb6
{[%clk 0:00:10]} 53. Qb4+ {[%clk 0:00:12]} Bb5 {[%clk 0:00:11]} 54. Qd6+
{[%clk 0:00:12]} Ka5 {[%clk 0:00:12]} 55. Qa3+ {[%clk 0:00:13]} Qa4
{[%clk 0:00:13]} 56. Qd6 {[%clk 0:00:13]} Qb4+ {[%clk 0:00:15]} 57. Qxb4+
{[%clk 0:00:14]} Kxb4 {[%clk 0:00:16]} 58. g4 {[%clk 0:00:13]} d4
{[%clk 0:00:16]} 59. h4 {[%clk 0:00:14]} c3 {[%clk 0:00:16]} 60. bxc3+
{[%clk 0:00:15]} dxc3 {[%clk 0:00:12]} 61. Kd1 {[%clk 0:00:15]} Kb3
{[%clk 0:00:11]} 62. Kc1 {[%clk 0:00:16]} Bd3 {[%clk 0:00:10]} 63. h5
{[%clk 0:00:09]} Be2 {[%clk 0:00:11]} 64. h6 {[%clk 0:00:09]} Bd3
{[%clk 0:00:12]} 65. g5 {[%clk 0:00:09]} Bg6 {[%clk 0:00:12]} 0-1

[Event "gorzyce wielkie"]
[Site "?"]
[Date "2020.02.08"]
[Round "11.4"]
[White "Zakrzewski, Marek"]
[Black "Rozumek, Krzysztof"]
[Result "1-0"]
[BlackElo "1861"]
[WhiteElo "2256"]
[LiveChessVersion "1.4.8"]

1. e4 {[%clk 0:03:02]} c6 {[%clk 0:03:01]} 2. d4 {[%clk 0:03:02]} d5
{[%clk 0:03:03]} 3. Nd2 {[%clk 0:03:03]} dxe4 {[%clk 0:03:04]} 4. Nxe4
{[%clk 0:03:04]} Nf6 {[%clk 0:03:05]} 5. Nxf6+ {[%clk 0:03:04]} gxf6
{[%clk 0:03:06]} 6. c3 {[%clk 0:03:04]} Bf5 {[%clk 0:03:07]} 7. Nf3
{[%clk 0:03:03]} e6 {[%clk 0:03:08]} 8. Bf4 {[%clk 0:03:00]} Bd6 {[%clk 0:03:09]}
9. Qd2 {[%clk 0:03:00]} Bg4 {[%clk 0:03:07]} 10. Be2 {[%clk 0:03:00]} Bxf4
{[%clk 0:03:00]} 11. Qxf4 {[%clk 0:03:01]} Bxf3 {[%clk 0:03:01]} 12. Bxf3
{[%clk 0:03:00]} Nd7 {[%clk 0:02:59]} 13. b4 {[%clk 0:02:32]} Qb8
{[%clk 0:02:34]} 14. Qh6 {[%clk 0:02:14]} Ke7 {[%clk 0:02:35]} 15. O-O
{[%clk 0:02:10]} Qf8 {[%clk 0:02:34]} 16. Qe3 {[%clk 0:02:09]} Nb6
{[%clk 0:02:25]} 17. a4 {[%clk 0:02:04]} Rd8 {[%clk 0:02:21]} 18. a5
{[%clk 0:01:53]} Nc4 {[%clk 0:02:22]} 19. Qe2 {[%clk 0:01:47]} Nd6
{[%clk 0:02:23]} 20. Rfe1 {[%clk 0:01:46]} Kd7 {[%clk 0:02:15]} 21. a6
{[%clk 0:01:30]} b6 {[%clk 0:02:11]} 22. c4 {[%clk 0:01:29]} Nf5 {[%clk 0:02:00]}
23. d5 {[%clk 0:01:27]} Nd4 {[%clk 0:01:39]} 24. dxc6+ {[%clk 0:01:14]} Kc7
{[%clk 0:01:09]} 25. Qe4 {[%clk 0:01:14]} Qxb4 {[%clk 0:00:56]} 26. Qf4+
{[%clk 0:01:12]} Qd6 {[%clk 0:00:51]} 27. Qxf6 {[%clk 0:01:10]} Rhf8
{[%clk 0:00:44]} 28. Rad1 {[%clk 0:00:55]} Nxf3+ {[%clk 0:00:43]} 29. Qxf3
{[%clk 0:00:18]} Qxc6 {[%clk 0:00:42]} 30. Qf4+ {[%clk 0:00:13]} Kc8
{[%clk 0:00:30]} 31. Rxd8+ {[%clk 0:00:13]} Kxd8 {[%clk 0:00:25]} 32. Qb8+
{[%clk 0:00:14]} Ke7 {[%clk 0:00:26]} 33. Qxa7+ {[%clk 0:00:14]} Kf6
{[%clk 0:00:23]} 34. Rb1 {[%clk 0:00:08]} Ra8 {[%clk 0:00:21]} 35. Qb7
{[%clk 0:00:05]} Rc8 {[%clk 0:00:12]} 36. Qxc6 {[%clk 0:00:04]} Rxc6
{[%clk 0:00:13]} 37. g3 {[%clk 0:00:05]} Ke5 {[%clk 0:00:12]} 38. Rb4
{[%clk 0:00:06]} Kd4 {[%clk 0:00:12]} 39. Ra4 {[%clk 0:00:07]} Rc8
{[%clk 0:00:13]} 40. a7 {[%clk 0:00:09]} Ra8 {[%clk 0:00:15]} 41. Kg2
{[%clk 0:00:07]} Kc5 {[%clk 0:00:16]} 42. Kf3 {[%clk 0:00:08]} b5
{[%clk 0:00:17]} 43. cxb5 Kxb5 {[%clk 0:00:18]} 44. Ra1 {[%clk 0:00:10]} Kb6
{[%clk 0:00:15]} 45. Kf4 {[%clk 0:00:11]} f6 {[%clk 0:00:16]} 46. g4
{[%clk 0:00:11]} Rxa7 {[%clk 0:00:13]} 47. Rxa7 {[%clk 0:00:12]} Kxa7
{[%clk 0:00:14]} 48. g5 {[%clk 0:00:13]} fxg5+ {[%clk 0:00:11]} 49. Kxg5 Kb6 50.
Kf6 {[%clk 0:00:12]} Kc6 {[%clk 0:00:13]} 51. Kxe6 {[%clk 0:00:13]} h5
{[%clk 0:00:15]} 52. f4 {[%clk 0:00:14]} 1-0

[Event "gorzyce wielkie"]
[Site "?"]
[Date "2020.02.08"]
[Round "11.6"]
[White "Michalski, Karol"]
[Black "Ziolkowski, Andrzej"]
[Result "1-0"]
[BlackElo "1773"]
[WhiteElo "1946"]
[LiveChessVersion "1.4.8"]

1. d4 {[%clk 0:03:03]} Nf6 {[%clk 0:03:01]} 2. c4 {[%clk 0:03:04]} c5
{[%clk 0:03:01]} 3. d5 {[%clk 0:03:05]} b5 {[%clk 0:03:00]} 4. Nd2
{[%clk 0:03:05]} bxc4 {[%clk 0:02:48]} 5. e4 {[%clk 0:03:06]} d6 {[%clk 0:02:46]}
6. Ne2 {[%clk 0:03:06]} Qa5 {[%clk 0:02:40]} 7. Nc3 {[%clk 0:03:06]} g6
{[%clk 0:02:36]} 8. Nxc4 {[%clk 0:03:05]} Qd8 {[%clk 0:02:36]} 9. e5
{[%clk 0:02:40]} dxe5 {[%clk 0:02:20]} 10. Nxe5 {[%clk 0:02:40]} Bg7
{[%clk 0:02:15]} 11. Bb5+ {[%clk 0:02:40]} Nbd7 {[%clk 0:02:16]} 12. Nc6
{[%clk 0:02:22]} Qb6 {[%clk 0:01:59]} 13. Qe2 {[%clk 0:02:06]} O-O
{[%clk 0:01:43]} 14. Nxe7+ Kh8 15. O-O {[%clk 0:02:00]} Re8 {[%clk 0:01:45]} 16.
Bf4 {[%clk 0:01:45]} a6 {[%clk 0:01:36]} 17. Bc6 {[%clk 0:01:40]} Ra7
{[%clk 0:01:33]} 18. Rfe1 {[%clk 0:01:34]} Bf8 {[%clk 0:01:05]} 19. Bd6
{[%clk 0:01:24]} Bxe7 {[%clk 0:00:28]} 20. Bxe7 {[%clk 0:01:24]} Kg7
{[%clk 0:00:29]} 21. Bxf6+ {[%clk 0:01:20]} Nxf6 {[%clk 0:00:30]} 22. Bxe8
{[%clk 0:01:20]} Bg4 {[%clk 0:00:24]} 23. f3 {[%clk 0:01:18]} c4+
{[%clk 0:00:24]} 24. Kh1 {[%clk 0:01:18]} Bf5 {[%clk 0:00:22]} 25. Qe3
{[%clk 0:01:07]} Qb8 {[%clk 0:00:19]} 26. Qe5 {[%clk 0:00:56]} Qxb2
{[%clk 0:00:15]} 27. d6 {[%clk 0:00:45]} Qb8 {[%clk 0:00:13]} 28. Nd5 Qd8 1-0

[Event "gorzyce wielkie"]
[Site "?"]
[Date "2020.02.08"]
[Round "11.7"]
[White "Barwinska, Ewa"]
[Black "Sobczak, Miroslaw"]
[Result "0-1"]
[BlackElo "1886"]
[WhiteElo "1460"]
[LiveChessVersion "1.4.8"]

1. e4 {[%clk 0:03:04]} Nc6 {[%clk 0:03:03]} 2. d4 {[%clk 0:03:04]} d5
{[%clk 0:03:04]} 3. e5 {[%clk 0:02:54]} Bf5 {[%clk 0:03:04]} 4. Be3
{[%clk 0:02:50]} a6 {[%clk 0:03:01]} 5. Bd3 {[%clk 0:02:50]} Bg6 {[%clk 0:03:02]}
6. f4 {[%clk 0:02:44]} e6 {[%clk 0:03:02]} 7. Nf3 {[%clk 0:02:45]} Be7
{[%clk 0:03:00]} 8. O-O {[%clk 0:02:44]} Nh6 {[%clk 0:03:01]} 9. c3
{[%clk 0:02:35]} O-O {[%clk 0:03:00]} 10. Qc2 {[%clk 0:02:29]} Rc8
{[%clk 0:02:52]} 11. h3 {[%clk 0:02:11]} Nf5 {[%clk 0:02:52]} 12. Bf2
{[%clk 0:02:09]} Nh4 {[%clk 0:02:52]} 13. Nxh4 {[%clk 0:01:59]} Bxh4
{[%clk 0:02:53]} 14. Bxh4 {[%clk 0:01:51]} Qxh4 {[%clk 0:02:54]} 15. Nd2
{[%clk 0:01:37]} Ne7 {[%clk 0:02:53]} 16. Rae1 {[%clk 0:01:14]} c5
{[%clk 0:02:54]} 17. dxc5 {[%clk 0:01:04]} Rxc5 {[%clk 0:02:55]} 18. Nb3
{[%clk 0:00:56]} Rc7 {[%clk 0:02:55]} 19. Nd4 {[%clk 0:00:54]} Rfc8
{[%clk 0:02:55]} 20. Bxg6 {[%clk 0:00:50]} hxg6 {[%clk 0:02:56]} 21. Qf2
{[%clk 0:00:49]} Qxf2+ {[%clk 0:02:53]} 22. Rxf2 {[%clk 0:00:50]} Nf5
{[%clk 0:02:54]} 23. Nxf5 {[%clk 0:00:46]} gxf5 {[%clk 0:02:55]} 24. Rd2
{[%clk 0:00:39]} Rc4 {[%clk 0:02:52]} 25. Rf1 {[%clk 0:00:40]} R8c5
{[%clk 0:02:52]} 26. g3 {[%clk 0:00:37]} Rb5 {[%clk 0:02:52]} 27. Rfd1
{[%clk 0:00:36]} Ra5 {[%clk 0:02:39]} 28. a3 {[%clk 0:00:32]} Rb5
{[%clk 0:02:40]} 29. Kf2 {[%clk 0:00:32]} Rc6 {[%clk 0:02:36]} 30. Ke3
{[%clk 0:00:09]} Rcb6 {[%clk 0:02:37]} 31. Rb1 {[%clk 0:00:10]} Rb3
{[%clk 0:02:39]} 32. Rdd1 {[%clk 0:00:05]} Rxb2 {[%clk 0:02:39]} 33. Rxb2
{[%clk 0:00:05]} Rxb2 {[%clk 0:02:40]} 34. Kd4 {[%clk 0:00:06]} b6
{[%clk 0:02:35]} 35. g4 {[%clk 0:00:04]} fxg4 {[%clk 0:02:35]} 36. hxg4
{[%clk 0:00:06]} Rb3 {[%clk 0:02:33]} 37. a4 {[%clk 0:00:06]} Ra3
{[%clk 0:02:29]} 38. Rb1 {[%clk 0:00:07]} Rxa4+ {[%clk 0:02:30]} 39. Ke3
{[%clk 0:00:08]} b5 {[%clk 0:02:31]} 40. f5 {[%clk 0:00:09]} Rxg4
{[%clk 0:02:31]} 41. fxe6 {[%clk 0:00:10]} fxe6 {[%clk 0:02:32]} 42. Ra1
{[%clk 0:00:11]} Ra4 {[%clk 0:02:32]} 43. Rb1 {[%clk 0:00:09]} Re4+
{[%clk 0:02:33]} 44. Kd3 {[%clk 0:00:10]} Rxe5 {[%clk 0:02:34]} 45. Kd4
{[%clk 0:00:11]} Re4+ {[%clk 0:02:34]} 46. Kc5 {[%clk 0:00:12]} Kf7
{[%clk 0:02:29]} 47. Kb6 {[%clk 0:00:13]} Ra4 {[%clk 0:02:27]} 48. Rf1+
{[%clk 0:00:11]} Ke7 {[%clk 0:02:28]} 49. Rg1 {[%clk 0:00:11]} Kf6
{[%clk 0:02:14]} 50. Rf1+ {[%clk 0:00:13]} Ke5 {[%clk 0:02:16]} 51. Re1+
{[%clk 0:00:09]} Kd6 {[%clk 0:02:15]} 52. Rg1 {[%clk 0:00:10]} Ra3
{[%clk 0:02:16]} 53. Rxg7 {[%clk 0:00:10]} Rxc3 {[%clk 0:02:16]} 54. Kxa6
{[%clk 0:00:10]} b4 {[%clk 0:02:18]} 55. Rb7 {[%clk 0:00:10]} b3 {[%clk 0:02:18]}
56. Ka5 {[%clk 0:00:09]} e5 {[%clk 0:02:11]} 57. Kb4 {[%clk 0:00:09]} Rh3
{[%clk 0:02:11]} 58. Ka3 {[%clk 0:00:09]} e4 {[%clk 0:02:10]} 59. Kb2
{[%clk 0:00:09]} Kc6 {[%clk 0:02:10]} 60. Re7 {[%clk 0:00:07]} Kc5
{[%clk 0:02:11]} 61. Re5 {[%clk 0:00:07]} Kd4 {[%clk 0:02:12]} 62. Re7
{[%clk 0:00:08]} Kd3 {[%clk 0:01:55]} 63. Kxb3 {[%clk 0:00:08]} d4
{[%clk 0:01:56]} 64. Kb2 {[%clk 0:00:08]} e3 {[%clk 0:01:57]} 65. Re6
{[%clk 0:00:05]} Rh2+ {[%clk 0:01:58]} 66. Kc1 {[%clk 0:00:06]} Rc2+
{[%clk 0:01:59]} 67. Kb1 {[%clk 0:00:05]} Rc8 {[%clk 0:01:56]} 68. Re7
{[%clk 0:00:05]} e2 {[%clk 0:01:57]} 69. Re6 {[%clk 0:00:06]} Kd2
{[%clk 0:01:57]} 70. Kb2 {[%clk 0:00:06]} Rb8+ {[%clk 0:01:58]} 71. Ka3
{[%clk 0:00:07]} e1=Q {[%clk 0:01:56]} 72. Rxe1 {[%clk 0:00:07]} Kxe1
{[%clk 0:01:57]} 0-1

[Event "gorzyce wielkie"]
[Site "?"]
[Date "2020.02.08"]
[Round "11.8"]
[White "Soroczynski, Patryk"]
[Black "Rosik, Jakub"]
[Result "0-1"]
[BlackElo "1847"]
[WhiteElo "1269"]
[LiveChessVersion "1.4.8"]

1. e4 {[%clk 0:03:03]} d5 {[%clk 0:03:03]} 2. exd5 {[%clk 0:03:03]} Qxd5
{[%clk 0:03:04]} 3. Nc3 {[%clk 0:03:04]} Qa5 {[%clk 0:03:05]} 4. d4
{[%clk 0:03:05]} Nf6 {[%clk 0:03:06]} 5. Bd2 {[%clk 0:03:05]} c6 {[%clk 0:03:07]}
6. Nf3 {[%clk 0:03:04]} Bf5 {[%clk 0:03:07]} 7. Bd3 {[%clk 0:03:01]} Bxd3
{[%clk 0:03:06]} 8. cxd3 {[%clk 0:03:00]} Qc7 {[%clk 0:03:06]} 9. O-O
{[%clk 0:02:59]} e6 {[%clk 0:03:07]} 10. Bg5 {[%clk 0:02:54]} Nbd7
{[%clk 0:03:04]} 11. a3 {[%clk 0:02:48]} Be7 {[%clk 0:03:00]} 12. Ne5
{[%clk 0:02:45]} Nxe5 {[%clk 0:02:53]} 13. dxe5 {[%clk 0:02:44]} Qxe5
{[%clk 0:02:54]} 14. f4 {[%clk 0:02:41]} Qd4+ {[%clk 0:02:49]} 15. Kh1
{[%clk 0:02:41]} Nd5 {[%clk 0:02:32]} 16. Nxd5 {[%clk 0:02:34]} Qxd5
{[%clk 0:02:12]} 17. Bxe7 {[%clk 0:02:33]} Kxe7 {[%clk 0:02:13]} 18. Qd2
{[%clk 0:02:15]} b6 {[%clk 0:02:00]} 19. Rac1 {[%clk 0:02:13]} Rhd8
{[%clk 0:01:48]} 20. Rc3 {[%clk 0:02:13]} c5 {[%clk 0:01:46]} 21. Rfc1
{[%clk 0:02:09]} a5 {[%clk 0:01:33]} 22. Qe3 {[%clk 0:02:08]} Qd4
{[%clk 0:01:33]} 23. Qg3 {[%clk 0:02:05]} h6 {[%clk 0:01:19]} 24. Qh4+
{[%clk 0:01:58]} Qf6 {[%clk 0:01:19]} 25. Qf2 {[%clk 0:01:57]} Rd4
{[%clk 0:01:16]} 26. Qf3 {[%clk 0:01:53]} Rd5 {[%clk 0:00:46]} 27. b4
{[%clk 0:01:51]} axb4 {[%clk 0:00:43]} 28. axb4 {[%clk 0:01:52]} Rc8
{[%clk 0:00:41]} 29. bxc5 {[%clk 0:01:42]} bxc5 {[%clk 0:00:33]} 30. Qf2
{[%clk 0:01:32]} Qf5 {[%clk 0:00:24]} 31. Qh4+ {[%clk 0:01:29]} f6
{[%clk 0:00:23]} 32. Qf2 {[%clk 0:01:18]} Rxd3 {[%clk 0:00:19]} 33. Qb2
{[%clk 0:01:02]} Rxc3 {[%clk 0:00:14]} 34. Qb7+ {[%clk 0:00:48]} Kd8
{[%clk 0:00:15]} 35. Rxc3 {[%clk 0:00:44]} Qd5 {[%clk 0:00:10]} 36. Qb1
{[%clk 0:00:35]} e5 {[%clk 0:00:10]} 37. fxe5 {[%clk 0:00:34]} Qxe5
{[%clk 0:00:11]} 38. Rd3+ {[%clk 0:00:34]} Kc7 {[%clk 0:00:11]} 39. Qc1
{[%clk 0:00:29]} Re8 {[%clk 0:00:11]} 40. Rd1 {[%clk 0:00:23]} Kc6
{[%clk 0:00:12]} 41. h3 {[%clk 0:00:22]} g5 {[%clk 0:00:13]} 42. Qb1
{[%clk 0:00:18]} f5 {[%clk 0:00:13]} 43. Qc1 {[%clk 0:00:07]} Qe3
{[%clk 0:00:13]} 44. Qc4 {[%clk 0:00:03]} Qe6 {[%clk 0:00:06]} 45. Qa4+
{[%clk 0:00:03]} Kc7 {[%clk 0:00:07]} 46. Qa7+ Kc6 47. Qa6+ Kc7 48. Qa7+ Kc8 49.
Qa8+ 0-1

[Event "gorzyce wielkie"]
[Site "?"]
[Date "2020.02.08"]
[Round "11.9"]
[White "Piekielny, Pawel"]
[Black "Czerwinska, Milena"]
[Result "0-1"]
[BlackElo "1834"]
[WhiteElo "1773"]
[LiveChessVersion "1.4.8"]

1. e4 {[%clk 0:03:03]} c5 {[%clk 0:03:03]} 2. Nf3 {[%clk 0:03:04]} d6
{[%clk 0:03:04]} 3. d4 {[%clk 0:03:05]} cxd4 {[%clk 0:03:05]} 4. Nxd4
{[%clk 0:03:06]} Nf6 {[%clk 0:03:05]} 5. Nc3 {[%clk 0:03:07]} a6 {[%clk 0:03:06]}
6. Bg5 {[%clk 0:03:08]} e6 {[%clk 0:03:07]} 7. f4 {[%clk 0:03:09]} Be7
{[%clk 0:03:08]} 8. Qf3 {[%clk 0:03:10]} h6 {[%clk 0:02:51]} 9. Bh4
{[%clk 0:03:04]} Nbd7 {[%clk 0:02:37]} 10. O-O-O {[%clk 0:03:03]} O-O
{[%clk 0:02:22]} 11. Be2 {[%clk 0:02:54]} Qc7 {[%clk 0:01:45]} 12. g4
{[%clk 0:02:48]} b5 {[%clk 0:01:37]} 13. Bxf6 {[%clk 0:02:05]} Bxf6
{[%clk 0:01:20]} 14. h4 {[%clk 0:02:01]} Bb7 {[%clk 0:01:14]} 15. g5
{[%clk 0:01:57]} Bxd4 {[%clk 0:01:12]} 16. Rxd4 {[%clk 0:01:58]} Qc5
{[%clk 0:00:51]} 17. Rd2 {[%clk 0:01:35]} b4 {[%clk 0:00:45]} 18. Nd1
{[%clk 0:01:29]} h5 {[%clk 0:00:35]} 19. Ne3 {[%clk 0:00:50]} g6 {[%clk 0:00:27]}
20. Rhd1 {[%clk 0:00:49]} Rac8 {[%clk 0:00:12]} 21. Rxd6 {[%clk 0:00:40]} Nb6
{[%clk 0:00:13]} 22. Kb1 {[%clk 0:00:31]} a5 {[%clk 0:00:12]} 23. R6d2
{[%clk 0:00:13]} Na4 {[%clk 0:00:09]} 24. Bd3 {[%clk 0:00:05]} Rc7
{[%clk 0:00:07]} 25. Rc1 {[%clk 0:00:05]} Rfc8 {[%clk 0:00:07]} 26. Rf2
{[%clk 0:00:05]} Qb6 {[%clk 0:00:07]} 27. Qe2 {[%clk 0:00:06]} Nc5
{[%clk 0:00:06]} 28. e5 {[%clk 0:00:05]} Na4 {[%clk 0:00:06]} 29. Rh2
{[%clk 0:00:03]} Qc5 {[%clk 0:00:06]} 30. Ka1 {[%clk 0:00:04]} Bd5
{[%clk 0:00:07]} 31. Rf2 {[%clk 0:00:04]} Nb6 {[%clk 0:00:08]} 32. Qd2
{[%clk 0:00:04]} a4 {[%clk 0:00:09]} 33. Rb1 {[%clk 0:00:03]} a3 {[%clk 0:00:10]}
34. Rc1 {[%clk 0:00:03]} Rd8 {[%clk 0:00:10]} 35. Qe2 {[%clk 0:00:04]} axb2+
{[%clk 0:00:11]} 36. Kxb2 {[%clk 0:00:05]} Na4+ {[%clk 0:00:13]} 37. Kb1
{[%clk 0:00:06]} Nc3+ {[%clk 0:00:14]} 0-1